Nepochopení a nezaplatení, aj tak sa cítia absolventi na trhu práce
Názory absolventov na ich skúsenosti pri nástupe do zamestnania (očakávaný plat, pomery na pracovisku, kariérny postup). Pohľad firiem na absolventov škôl a ich odporúčania, ako preklenúť počiatočné rozdiely. Spôsoby získavania praxe u konkrétnych firiem.
Enregistré dans:
| Auteur principal: | |
|---|---|
| Format: | Chapitre de livre |
| Langue: | slovaque |
| Sujets: | |
| Tags: |
Pas de tags, Soyez le premier à ajouter un tag!
|
MARC
| LEADER | 00000naa a2200000 4500 | ||
|---|---|---|---|
| 001 | 0237613 | ||
| 005 | 20171127091046.5 | ||
| 041 | 0 | |a slo | |
| 044 | |a SK | ||
| 245 | 1 | 0 | |a Nepochopení a nezaplatení, aj tak sa cítia absolventi na trhu práce |c Tomáš Nejedlý |
| 520 | |a Názory absolventov na ich skúsenosti pri nástupe do zamestnania (očakávaný plat, pomery na pracovisku, kariérny postup). Pohľad firiem na absolventov škôl a ich odporúčania, ako preklenúť počiatočné rozdiely. Spôsoby získavania praxe u konkrétnych firiem. | ||
| 610 | 2 | 0 | |a trh práce |
| 610 | 2 | 0 | |a zdroje ľudské |
| 610 | 2 | 0 | |a absolventi |
| 610 | 2 | 0 | |a podmienky pracovné |
| 610 | 2 | 0 | |a mzdy |
| 610 | 2 | 0 | |a pracovníci mladí |
| 100 | 1 | |a Nejedlý, Tomáš | |